[Event "Daventry 4NCL Easter op-A 2nd"]
[Site "Daventry"]
[Date "2022.04.18"]
[Round "7"]
[White "McCumiskey, Andrew P"]
[Black "Gomez, Daniel3333"]
[Result "1/2-1/2"]
[WhiteElo "2017"]
[BlackElo "1880"]
[PlyCount "37"]
[EventDate "2022.04.15"]
[EventType "swiss"]
[EventRounds "7"]
[EventCountry "ENG"]
[SourceTitle "CBM 207 Extra"]
[Source "ChessBase"]
[SourceDate "2022.05.31"]
[SourceVersion "1"]
[SourceVersionDate "2022.05.31"]
[SourceQuality "1"]

1. d4 Nf6 2. c4 e6 3. Nc3 Bb4 4. Qc2 c5 5. Nf3 cxd4 6. Nxd4 Nc6 7. Nxc6 bxc6 8. e3 0-0 9. Bd3 e5 10. 0-0 d5 11. a3 Be7 12. b4 Be6 13. Rd1 Qc7 14. cxd5 cxd5 15. Bb2 Rac8 16. Rac1 Qb8 17. Bf5 Rfd8 18. Bxe6 fxe6 19. Qe2 1/2-1/2

[Event "BCF-chT3N 1718 (4NCL)"]
[Site "England"]
[Date "2017.11.12"]
[Round "2.13"]
[White "Mounce, Richard B"]
[Black "McCumiskey, Andrew P"]
[Result "1/2-1/2"]
[WhiteElo "1994"]
[BlackElo "2007"]
[PlyCount "60"]
[EventDate "2017.11.11"]
[EventType "team-swiss"]
[EventRounds "11"]
[EventCountry "ENG"]
[SourceTitle "EXT 2020"]
[Source "ChessBase"]
[SourceDate "2019.10.17"]
[SourceVersion "1"]
[SourceVersionDate "2019.10.17"]
[SourceQuality "1"]
[WhiteTeam "Jorvik"]
[BlackTeam "Warwicks Select II"]
[WhiteTeamCountry "ENG"]
[BlackTeamCountry "ENG"]

1. e4 d6 2. d4 g6 3. Nc3 Bg7 4. Nf3 Nc6 5. Bc4 e5 6. dxe5 Nxe5 7. Nxe5 Bxe5 8. Qf3 Be6 9. Bxe6 fxe6 10. Bd2 Qf6 11. Qxf6 Nxf6 12. f3 0-0-0 13. 0-0-0 Rhf8 14. Ne2 Nd7 15. Bg5 Bf6 16. h4 Ne5 17. Nd4 Rde8 18. Bxf6 Rxf6 19. Rh3 Nc4 20. Rhh1 e5 21. Nb3 a5 22. Rd3 b5 23. Nd2 Nxd2 24. Kxd2 Kb7 25. Ke2 Rd8 26. Rhd1 c5 27. c3 Kc7 28. b3 Rf4 29. g3 Rf6 30. R1d2 Rdf8 1/2-1/2

[Event "BCF-chT3N 1617 (4NCL)"]
[Site "England"]
[Date "2017.02.12"]
[Round "6.33"]
[White "Bramson, Mike"]
[Black "McCumiskey, Andrew P"]
[Result "1/2-1/2"]
[WhiteElo "1883"]
[BlackElo "2027"]
[PlyCount "82"]
[EventDate "2016.11.26"]
[EventType "team-swiss"]
[EventRounds "11"]
[EventCountry "ENG"]
[SourceTitle "EXT 2019"]
[Source "ChessBase"]
[SourceDate "2018.10.10"]
[SourceVersion "1"]
[SourceVersionDate "2018.10.10"]
[SourceQuality "1"]
[WhiteTeam "Bradford DCA Knights II"]
[BlackTeam "Hounds and Bears"]
[WhiteTeamCountry "ENG"]
[BlackTeamCountry "ENG"]

1. e4 d6 2. d4 g6 3. Nc3 Bg7 4. Be3 a6 5. Qd2 b5 6. a3 Nd7 7. Bd3 c5 8. Nf3 Bb7 9. 0-0 Ngf6 10. e5 Nd5 11. exd6 exd6 12. Bh6 0-0 13. Bxg7 Kxg7 14. Be4 N7f6 15. Bxd5 Bxd5 16. Nxd5 Nxd5 17. dxc5 dxc5 18. Rad1 Nf6 19. Qg5 Qc7 20. Nh4 Ne4 21. Qg4 Nf6 22. Nf5+ Kh8 23. Qh4 Qe5 24. Nd6 Ra7 25. Rd3 c4 26. Rf3 Qxd6 27. Rxf6 Qe5 28. c3 Kg7 29. Rf3 Rd7 30. Re3 Qf6 31. Qe4 Rfd8 32. Rfe1 Rd2 33. R3e2 Qg5 34. h4 Qf6 35. g3 R8d6 36. Rxd2 Rxd2 37. Re2 Rxe2 38. Qxe2 Qf5 39. Kg2 h5 40. Qd2 Qe5 41. f3 Kf6 1/2-1/2

[Event "BCF-chT2c 0910 (4NCL) Promotion pool"]
[Site "England"]
[Date "2010.05.02"]
[Round "10.5"]
[White "Stevenson, James"]
[Black "McCumiskey, Andrew P"]
[Result "1-0"]
[WhiteElo "2097"]
[BlackElo "2226"]
[PlyCount "91"]
[EventDate "2009.10.24"]
[EventType "team-tourn"]
[EventRounds "4"]
[EventCountry "ENG"]
[SourceTitle "EXT 2010"]
[Source "ChessBase"]
[SourceDate "2010.11.25"]
[SourceVersion "1"]
[SourceVersionDate "2010.11.25"]
[SourceQuality "1"]
[WhiteTeam "Kings Head"]
[BlackTeam "Warwicks Select"]
[WhiteTeamCountry "ENG"]
[BlackTeamCountry "ENG"]

1. e4 d6 2. d4 g6 3. Nc3 Bg7 4. Be3 a6 5. f3 b5 6. Qd2 Nd7 7. h4 h5 8. 0-0-0 Bb7 9. Nh3 Nb6 10. Bd3 b4 11. Ne2 a5 12. Ng5 e6 13. Nf4 Qd7 14. Rhe1 Ne7 15. Kb1 Rc8 16. Qe2 Ra8 17. d5 e5 18. Bxb6 exf4 19. Bb5 c6 20. dxc6 Bxc6 21. Bc4 0-0 22. Qd3 Be5 23. Bd4 Rad8 24. Qb3 Bxd4 25. Bxf7+ Kh8 26. Rxd4 d5 27. Bxd5 Bxd5 28. exd5 Nf5 29. Rd3 Rde8 30. Ne6 Rf7 31. Qc4 Rc8 32. Qxf4 Qa4 33. b3 Qb5 34. Qe5+ Kg8 35. d6 Qc6 36. Nc5 Rd8 37. Ne4 a4 38. Nf6+ Kg7 39. Nxh5+ Kg8 40. Nf6+ Kg7 41. Nd5+ Kh7 42. Nxb4 Qb7 43. Qd5 axb3 44. axb3 Nxd6 45. Qxb7 Nxb7 46. Rxd8 1-0

[Event "BCF-chT4 0506 (4NCL)"]
[Site "West Bromwich"]
[Date "2006.05.28"]
[Round "10.1"]
[White "O'Toole, George E"]
[Black "McCumiskey, Andrew P"]
[Result "1-0"]
[WhiteElo "2060"]
[BlackElo "2125"]
[PlyCount "55"]
[EventDate "2005.11.05"]
[EventType "team"]
[EventRounds "11"]
[EventCountry "ENG"]
[SourceTitle "CBM 109 Extra"]
[Source "ChessBase"]
[SourceDate "2006.01.03"]
[SourceVersion "2"]
[SourceVersionDate "2006.01.03"]
[SourceQuality "1"]
[WhiteTeam "Richmond II"]
[BlackTeam "Warwicks Select II"]
[WhiteTeamCountry "ENG"]
[BlackTeamCountry "ENG"]

1. e4 d6 2. d4 g6 3. Nc3 a6 4. Be3 b5 5. Nf3 Bb7 6. Bd3 Bg7 7. Qd2 Nd7 8. Rd1 c5 9. dxc5 Nxc5 10. Bxc5 dxc5 11. Nxb5 Nf6 12. Nc3 0-0 13. 0-0 Qc7 14. Qe2 Rfd8 15. Bc4 Qb6 16. Bxf7+ Kh8 17. Bb3 h6 18. Ne5 Kh7 19. Bf7 g5 20. Bg6+ Kg8 21. Qc4+ e6 22. Bf7+ Kh7 23. Bxe6 Rd4 24. Bf5+ Kh8 25. Nf7+ Kg8 26. Nxh6+ Kh8 27. Qg8+ Rxg8 28. Nf7# 1-0

[Event "BCF-chT4 0506 (4NCL)"]
[Site "West Bromwich"]
[Date "2005.11.06"]
[Round "2.1"]
[White "McCumiskey, Andrew P"]
[Black "Osborne, Marcus E"]
[Result "0-1"]
[WhiteElo "2125"]
[BlackElo "2230"]
[PlyCount "64"]
[EventDate "2005.11.05"]
[EventType "team"]
[EventRounds "11"]
[EventCountry "ENG"]
[SourceTitle "CBM 109 Extra"]
[Source "ChessBase"]
[SourceDate "2006.01.03"]
[SourceVersion "2"]
[SourceVersionDate "2006.01.03"]
[SourceQuality "1"]
[WhiteTeam "Warwicks Select II"]
[BlackTeam "Conquistadors"]
[WhiteTeamCountry "ENG"]
[BlackTeamCountry "ENG"]

1. d4 Nf6 2. Bg5 e6 3. e4 c5 4. e5 h6 5. Bc1 Nd5 6. c4 Nb4 7. d5 d6 8. a3 N4a6 9. exd6 Bxd6 10. Nc3 Nc7 11. Nf3 exd5 12. cxd5 0-0 13. Be2 b5 14. 0-0 b4 15. Nb5 Nxd5 16. Bc4 Bb7 17. Kh1 Be7 18. axb4 cxb4 19. Rxa7 Rxa7 20. Nxa7 Qa5 21. Nb5 Nb6 22. Bd3 Rd8 23. Qe2 Bf6 24. Re1 Bc6 25. Nfd4 Bxb5 26. Nxb5 N8d7 27. Qe8+ Rxe8 28. Rxe8+ Nf8 29. Bd2 Qa1+ 30. Re1 Qxb2 31. Be3 Nd5 32. Bc5 Qd2 0-1

[Event "BCF-chT2 0405 (4NCL)"]
[Site "West Bromwich"]
[Date "2005.05.02"]
[Round "11.7"]
[White "McCumiskey, Andrew P"]
[Black "MacKenzie, Colin"]
[Result "1-0"]
[WhiteElo "2100"]
[BlackElo "2144"]
[PlyCount "111"]
[EventDate "2004.09.18"]
[EventType "team"]
[EventRounds "11"]
[EventCountry "ENG"]
[SourceTitle "EXT 2006"]
[Source "ChessBase"]
[SourceDate "2005.11.24"]
[SourceVersion "1"]
[SourceVersionDate "2005.11.24"]
[SourceQuality "1"]
[WhiteTeam "Warwicks Select"]
[BlackTeam "Kings Head"]
[WhiteTeamCountry "ENG"]
[BlackTeamCountry "ENG"]

1. d4 e6 2. c4 Nf6 3. Nc3 Bb4 4. Nf3 0-0 5. Qc2 c5 6. e3 d5 7. Bd3 dxc4 8. Bxc4 Qc7 9. 0-0 Bxc3 10. bxc3 b6 11. Ba3 Nbd7 12. Rac1 Bb7 13. Qe2 a6 14. Bd3 e5 15. e4 Qc6 16. d5 Qa4 17. Bb2 c4 18. Bxc4 Rfe8 19. Nd2 Nc5 20. Bb3 Qd7 21. c4 Qd6 22. Bc2 Nfd7 23. Nb3 Na4 24. Ba1 a5 25. Nd4 exd4 26. Bxa4 Nc5 27. Bxe8 Rxe8 28. f3 d3 29. Qf2 Ba6 30. Rfd1 Rc8 31. Qd4 Qh6 32. Rb1 Nd7 33. Rbc1 Nc5 34. f4 f6 35. e5 Qg6 36. exf6 gxf6 37. Qxf6 Qxf6 38. Bxf6 Ne4 39. Bd4 d2 40. Rc2 Rxc4 41. Rxc4 Bxc4 42. d6 Kf7 43. Bxb6 Ke6 44. Bxa5 Be2 45. Rxd2 Nxd2 46. Bxd2 Kxd6 47. a4 Ke6 48. Kf2 Ba6 49. g4 h5 50. h3 hxg4 51. hxg4 Kd5 52. Ke3 Ke6 53. Bc3 Kd5 54. f5 Kc4 55. f6 Bc8 56. f7 1-0